| 000 | 01145nam a2200253 i 4500 | ||
|---|---|---|---|
| 001 | 151321 | ||
| 003 | ES-MaACL | ||
| 005 | 20250809035827.0 | ||
| 008 | 021017s1880 sp |||| | spa d | ||
| 080 | _a343.82(460) | ||
| 110 | 2 |
_aAcademia Matritense de Jurisprudencia y Legislación. _91204 |
|
| 245 | 1 | 0 | _aReseña de la sesión regia celebrada en la Academia Matritense de Jurisprudencia y Legislación la noche del 15 de noviembre de 1880. |
| 260 |
_aMadrid : _b[s.n.], _c1880 ( _fImp. del Ministerio de Gracia y Justicia) |
||
| 300 |
_aXI p. ; _c23 cm. |
||
| 530 | _aDisponible en formato digital. | ||
| 650 | 7 |
_aDerecho penitenciario _2embne _9188563 |
|
| 710 | 1 |
_aEspaña. _bMinisterio de Gracia y Justicia. _93873 |
|
| 852 | 4 |
_aES-MaACL _jD-165(6) _z- Donativo Lastres _z- Encuadernado en v. facticio, en el lomo: Estudios penitenciarios, 5 |
|
| 852 | 4 |
_aES-MaACL _jT-352-F-2 _z- Enc. hol. _z- Enc. en un vol. facticio |
|
| 852 | 4 |
_aES-MaACL _jT-356-F-9 |
|
| 852 | 4 |
_aES-MaACL _jT-381-F-19 |
|
| 856 | 4 |
_uhttp://bdh-rd.bne.es/viewer.vm?id=0000136983&page=1 _zBiblioteca Digital Hispánica |
|
| 999 |
_c151321 _d151321 |
||